000 00917nmc a2200313 a 4500
003 AR-BaBNM
005 20251128204104.0
008 276019s1986 ||||||||||||||000 | spa||
020 _a950-25-1406-8
040 _cAR-BaBNM
100 1 _aOllier, María Matilde
245 1 0 _aEl fenómeno insurreccional y la cultura política
_b1969-1973
260 _aBuenos Aires
_bCentro Editor de América Latina
_c1986
300 0 _a141 p.
490 0 _aBiblioteca política argentina
_vv. 145
500 0 _aAnexo documental en p. 115-119
504 _aBibliografía en p. 139-141
650 4 _aHISTORIA POLITICA ARGENTINA
650 4 _aPOLITICA ARGENTINA
650 4 _aPROTESTA SOCIAL
650 4 _aSUBVERSION EN ARGENTINA
650 4 _aTERRORISMO
650 4 _aSOCIOLOGIA POLITICA
651 4 _aArgentina
653 0 _aPERONISMO
800 1 _aTroncoso, Oscar
_edirector
942 _cBK
998 _cEnrique
999 _c6126
_d6126